The State and Its Servants : (Record no. 2950)
[ view plain ]
| 000 -LEADER | |
|---|---|
| fixed length control field | 00880cam a22002535a 4500 |
| 008 - FIXED-LENGTH DATA ELEMENTS--GENERAL INFORMATION | |
| fixed length control field | 100913t1995 g |||| 0|0 0 eng d |
| 010 ## - LIBRARY OF CONGRESS CONTROL NUMBER | |
| LC control number | 95961149 |
| 020 ## - INTERNATIONAL STANDARD BOOK NUMBER | |
| International Standard Book Number | 9774243641 |
| 035 ## - SYSTEM CONTROL NUMBER | |
| System control number | (OCoLC)34494109 |
| 035 ## - SYSTEM CONTROL NUMBER | |
| System control number | BBR3123 |
| 040 ## - CATALOGING SOURCE | |
| Original cataloging agency | EG-ScBUE |
| Language of cataloging | eng |
| Transcribing agency | EG-ScBUE |
| 082 04 - DEWEY DECIMAL CLASSIFICATION NUMBER | |
| Classification number | 354.62 |
| Item number | STA |
| Edition number | 22 |
| 245 04 - TITLE STATEMENT | |
| Title | The State and Its Servants : |
| Remainder of title | Administration in Egypt from Ottoman Times to the Present / |
| Statement of responsibility, etc | Edited by Nelly Hanna. |
| 260 ## - PUBLICATION, DISTRIBUTION, ETC. (IMPRINT) | |
| Place of publication, distribution, etc | Cairo, : |
| Name of publisher, distributor, etc | American University in Cairo Press, |
| Date of publication, distribution, etc | c1995. |
| 300 ## - PHYSICAL DESCRIPTION | |
| Extent | 128 p. ; |
| Dimensions | 24 cm. |
| 504 ## - BIBLIOGRAPHY, ETC. NOTE | |
| Bibliography, etc | Includes bibliographical references . |
| 590 ## - LOCAL NOTE (RLIN) | |
| Local note | mustafa galal. |
| 650 #0 - SUBJECT ADDED ENTRY--TOPICAL TERM | |
| Topical term or geographic name as entry element | Bureaucracy |
| Geographic subdivision | Egypt |
| General subdivision | History. |
| 9 (RLIN) | 18810 |
| Source of heading or term | BUEsh |
| 651 #0 - SUBJECT ADDED ENTRY--GEOGRAPHIC NAME | |
| Geographic name | Egypt |
| General subdivision | Politics and government. |
| 9 (RLIN) | 18811 |
| Source of heading or term | BUEsh |
| 653 ## - INDEX TERM--UNCONTROLLED | |
| Resource For college | BAEPS, Political Science |
| Arrived date list | August2015 |
| 655 ## - INDEX TERM--GENRE/FORM | |
| Form subdivision | |
| -- | 34232 |
| 700 1# - ADDED ENTRY--PERSONAL NAME | |
| Personal name | Hanna, Nelly. |
| 9 (RLIN) | 18812 |
| Title of a work | editor. |
| 942 ## - ADDED ENTRY ELEMENTS (KOHA) | |
| Item type | Book - Borrowing |
| Call number prefix | 354.62STA |
| Source of classification or shelving scheme | Dewey Decimal Classification |
| Withdrawn status | Item status | Source of classification or shelving scheme | Damaged status | Not for loan | Home library | Current library | Shelving location | Date acquired | Source of acquisition | Total Checkouts | Total Renewals | Full call number | Barcode | Date last seen | Date last borrowed | Koha item type | Vendor |
|---|---|---|---|---|---|---|---|---|---|---|---|---|---|---|---|---|---|
| Dewey Decimal Classification | Central Library | Central Library | First floor | 07/03/2013 | Purchase | 3 | 2 | 354.62 STA | 000009045 | 15/07/2025 | 13/10/2016 | Book - Borrowing | |||||
| Dewey Decimal Classification | Central Library | Central Library | First floor | 23/09/2010 | 6 | 3 | 354.62 STA | 000001202 | 15/07/2025 | 22/04/2017 | Book - Borrowing |